Teoría de política económica

Salvato in:
Dettagli Bibliografici
Autore principale: Robbins, Lionel (Autore)
Natura: Libro
Lingua:spagnolo
Pubblicazione: Madrid Rialp 1966
Serie:Libros de Economía, 8
Soggetti:
Tags: Aggiungi Tag
Nessun Tag, puoi essere il primo ad aggiungerne!!

MARC

LEADER 00000nam a2200000 a 4500
001 UCQ1243
003 CL-VaPUC
008 980709e19660000SP |||||||||||||||||spa|d
082 0 4 |a 338.9  |b ROB  |2 21 
100 0 |a Robbins, Lionel  |e author  |9 414953 
245 1 0 |a Teoría de política económica 
300 |a 195 p 
942 |c BK 
945 |d 19980709 00:00:00  |a crobeson 
260 |a Madrid  |b Rialp  |c 1966 
650 0 |a Política económica   |9 255029 
650 0 |a Teoría económica  |9 315055 
650 7 |a SISTEMAS ECONOMICOS  |2 CL-VaPUC  |9 414954 
583 |a last modification  |c 19980709 00:00:00  |k Rodrigo Vera 
490 0 |a Libros de Economía, 8 
999 |c 272246  |d 272244 
952 |0 0  |1 0  |4 0  |6 338_900000000000000_ROB_1966  |7 0  |8 A  |9 307135  |a BIBENE  |b BIBENE  |d 2019-11-20  |i 1432532  |o 338.9 ROB 1966  |p 1432532  |r 2025-01-15  |w 2019-11-20  |y BK  |k ICO